Pemikiran Dr. Mahathir tentang Islam

Bibliographic Details
Main Author: Ismail Ibrahim
Format: Book
Published: Kuala Lumpur : Utusan Publications & Distributors Sdn Bhd , 2002
Subjects:

MARC

LEADER 00000cam a2200000 7i4500
001 0000014279
005 20080305.0
008 080226
020 |a 9676113387 
090 0 0 |a 959.5054   |b ISM 
100 0 |a Ismail Ibrahim 
245 1 0 |a Pemikiran Dr. Mahathir tentang Islam   |c Ismail Ibrahim 
260 |a Kuala Lumpur :   |b Utusan Publications & Distributors Sdn Bhd ,   |c 2002 
650 0 |a Malaysia   |x Politics and goverment 
999 |a 0000914971   |b Book   |c Adult Collection   |e Cawangan Bandar Tenggara 
999 |a 0001009739   |b Book   |c Adult Collection   |e Perbadanan Perpustakaan Awam Johor 
999 |a 0001009740   |b Book   |c Adult Collection   |e Cawangan Urban Transformation Centre